Schiller o la invención del idealismo alemán (Registro nro. 40117)

Detalles MARC
000 -ENCABEZADO
Número de control [NR] 00930nam a2200241Ia 4500
008 - DE LONGITUD FIJA DE DATOS DE ELEMENTOS - INFORMACIÓN GENERAL
Elementos de longitud fija [NR] 130821s2011 sp gr dspa
020 ## - NUMERO INTERNACIONAL NORMALIZADO PARA LIBROS [R]
Número Internacional Normalizado del libro [NR] 9788483833544
040 ## - FUENTE DE CATALOGACION [NR]
Agencia de catalogación original [NR] Co-BoUCM
Idioma de catalogación [NR] spa
041 00 - CODIGO DE IDIOMA [R]
Código de idioma para texto/pista de sonido o título separado [R] Español
100 1# - ASIENTO PRINCIPAL--NOMBRE PERSONAL [NR]
Nombre personal [NR] Safranski, Rüdiger
Fechas asociadas con el nombre [NR] 1945-
ID Autoridad 128119
245 10 - MENCION DE TITULO [NR]
Título [NR] Schiller o la invención del idealismo alemán
Mención de responsabilidad, etc. [NR] Rúdiger Safranski ; traducción de Raúl Gábas
260 ## - PUBLICACION, DISTRIBUCION, ETC. (PIE DE IMPRENTA) [R]
Lugar de publicación, distribución, etc. [R] Barcelona (España)
Nombre del editor, distribuidor, etc. [R] TusQuets
Fecha de publicación, distribución, etc. [R] 2011
300 ## - DESCRIPCION FISICA [R]
Extensión [R] 568 páginas
490 0# - MENCION DE SERIE [R]
Mención de serie [R] Biblioteca Rüdiger Safranski
Designación numérica/secuencial del volumen [NR] 333
504 ## - NOTA DE BIBLIOGRAFIA, ETC. [R]
Nota de bibliografía, etc. [NR]
600 14 - ASIENTO SECUNDARIO DE MATERIA - NOMBRE PERSONAL [R]
Nombre personal [NR] Schiller, Friedrich
Fechas asociadas con el nombre [NR] 1759-1805
9 (RLIN) 108742
650 04 - ASIENTO SECUNDARIO DE MATERIA - TERMINO TEMATICO [R]
Término temático o nombre geográfico como elemento de entrada [NR] Escritores alemanes
Subdivisión cronológica [R] Siglo XVIII
Subdivisión de forma [R] Biografías
9 (RLIN) 14776
650 04 - ASIENTO SECUNDARIO DE MATERIA - TERMINO TEMATICO [R]
Término temático o nombre geográfico como elemento de entrada [NR] Literatura alemana
9 (RLIN) 18601
700 1# - ASIENTO SECUNDARIO - NOMBRE PERSONAL [R]
Nombre personal [NR] Gábas, Raúl
Término de relación [R]
9 (RLIN) 50356
765 1# - ASIENTO DE IDIOMA ORIGINAL [R]
Título [NR] Schiller oder die Erfindung des Deutschen idealismus
942 ## - ELEMENTOS DE ENTRADA AGREGADOS (KOHA)
Tipo de ítem principal el descrito en 300a Libro
Tema principal Literatura
Edición 1
Parte restante de la signatura top. S128s
Sistema de clasificación DEWEY
Clasificación 831.6
Título oculto en OPAC No
Existencias
Fecha de último préstamo Total préstamos Total Renewals Signatura topográfica Código de barras Última vez visto Ejemplar Price effective from Tipo de ítem Perdido Sistema de clasificación Dañado No prestable Tipo de ítem específico Suprimido Ubicación habitual Ubicación actual Localización Fecha de creación Forma de adquisición Costo
10/04/2025 3 5 831.6 S128s 100128642 20/04/2026 Ej.1 03/02/2013 Libro   DEWEY     Libro   Claustro Claustro 2do piso 28/02/2013 Compra 38000.00